[Event "ch-Lisboa"]
[Site "Lisboa"]
[Date "2017.06.15"]
[Round "5.2"]
[White "Morais, Vitor Mestre"]
[Black "Elias, Ruben Joel Monteiro"]
[Result "0-1"]
[WhiteElo "1912"]
[BlackElo "1812"]
[PlyCount "98"]
[EventDate "2017.05.18"]
[EventType "swiss"]
[EventRounds "7"]
[EventCountry "POR"]

1. Nf3 d5 2. c4 d4 3. b4 f6 4. Bb2 e5 5. a3 a5 6. b5 Bc5 7. d3 Ne7 8. g3 O-O 9.
Bg2 Be6 10. O-O Nd7 11. Nbd2 Ba7 12. Rc1 c5 13. Ne1 Qc7 14. Rb1 Rad8 15. e3
dxe3 16. fxe3 Rfe8 17. Bc3 Nf8 18. Qf3 Rd7 19. Rf2 Red8 20. Ne4 Neg6 21. h4 Rf7
22. h5 Ne7 23. Bf1 h6 24. Rfb2 Bb6 25. Ng2 Qd7 26. Nf2 Nh7 27. Nh4 Ng5 28. Qg2
Nf5 29. Nxf5 Bxf5 30. g4 Bh7 31. Be2 Qe8 32. e4 Ne6 33. Nh3 Rfd7 34. Rd2 Nd4
35. Bf1 Kh8 36. Bxd4 Rxd4 37. Rf2 Qd7 38. Qf3 Rg8 39. Rd1 Bxe4 40. Qg3 Bh7 41.
Be2 e4 42. Nf4 Bc7 43. Qe3 exd3 44. Nxd3 Re8 45. Qf3 Be4 46. Qh3 Bxd3 47. Bxd3
Rxg4+ 48. Rg2 Qd4+ 49. Kh1 Rh4 0-1

[Event "ch-Lisboa"]
[Site "Lisboa"]
[Date "2017.06.15"]
[Round "5.3"]
[White "Guia, Artur Solovyov Eloy"]
[Black "Pereira, Fernando"]
[Result "1/2-1/2"]
[WhiteElo "1550"]
[BlackElo "2067"]
[PlyCount "71"]
[EventDate "2017.05.18"]
[EventType "swiss"]
[EventRounds "7"]
[EventCountry "POR"]

1. e4 c5 2. Nf3 Nc6 3. d4 cxd4 4. Nxd4 Nf6 5. Nc3 d6 6. Be3 e6 7. Be2 Be7 8.
O-O a6 9. f4 Qc7 10. Qe1 O-O 11. Qg3 Kh8 12. a3 Na5 13. Rae1 b5 14. h3 Nc4 15.
Bxc4 Qxc4 16. Qf3 Bb7 17. Bf2 Rac8 18. Qd3 d5 19. Qxc4 Rxc4 20. e5 Ne4 21. Nxe4
dxe4 22. c3 g6 23. Be3 Bd5 24. g3 Rb8 25. Rc1 a5 26. b4 a4 27. Rf2 Rcc8 28.
Rfc2 Bc4 29. Kf2 Rc7 30. Ke1 Rbc8 31. Kd1 Rd7 32. Ke1 Bd3 33. Rh2 Rdc7 34. Kd2
h5 35. h4 Kg7 36. Bf2 1/2-1/2

[Event "ch-Lisboa"]
[Site "Lisboa"]
[Date "2017.06.15"]
[Round "5.4"]
[White "Lavrador, Rodolfo Manuel"]
[Black "Pinto, Antonio Manuel"]
[Result "1/2-1/2"]
[WhiteElo "1854"]
[BlackElo "1574"]
[PlyCount "65"]
[EventDate "2017.05.18"]
[EventType "swiss"]
[EventRounds "7"]
[EventCountry "POR"]

1. e4 c5 2. Nf3 d6 3. d4 cxd4 4. Qxd4 Nc6 5. Bb5 Bd7 6. Bxc6 Bxc6 7. c4 Nf6 8.
Nc3 g6 9. O-O Bg7 10. Be3 O-O 11. Qd3 a6 12. Rad1 Nd7 13. Qc2 Bxc3 14. bxc3 Qc7
15. Nd4 Nc5 16. f3 Ba4 17. Nb3 Rfc8 18. Qb2 b5 19. Bxc5 dxc5 20. Rd5 Bxb3 21.
Qxb3 e6 22. Rd3 Rcb8 23. Rfd1 b4 24. cxb4 cxb4 25. g3 a5 26. Rd7 Qe5 27. Qd3 a4
28. Rb1 b3 29. axb3 axb3 30. Rxb3 Qc5+ 31. Qe3 Qxc4 32. Rxb8+ Rxb8 33. Rd1
1/2-1/2

[Event "ch-Lisboa"]
[Site "Lisboa"]
[Date "2017.06.15"]
[Round "5.5"]
[White "Alves, Luis Miguel"]
[Black "Pires, Emanuel Joao Robart"]
[Result "1/2-1/2"]
[WhiteElo "1687"]
[BlackElo "2070"]
[PlyCount "105"]
[EventDate "2017.05.18"]
[EventType "swiss"]
[EventRounds "7"]
[EventCountry "POR"]

1. c4 Nf6 2. Nf3 g6 3. g3 Bg7 4. Bg2 O-O 5. O-O d6 6. Nc3 Nbd7 7. Rb1 a5 8. a3
c6 9. b4 axb4 10. axb4 e5 11. d3 Re8 12. b5 d5 13. bxc6 bxc6 14. cxd5 cxd5 15.
Nb5 Rb8 16. Bg5 Ba6 17. Na3 h6 18. Rxb8 Qxb8 19. Bd2 e4 20. Ne1 Qd6 21. Nac2
Ne5 22. Bf4 g5 23. Bxe5 Qxe5 24. Nb4 Bb5 25. Qc2 Qd4 26. Nc6 Qb6 27. Nb4 Qd6
28. Na2 Qa3 29. Qb1 Qa6 30. Nb4 Qd6 31. Na2 Rb8 32. Qc2 Qa3 33. Qc7 Re8 34. Nc3
Ba6 35. Nc2 Qf8 36. Ne1 Rc8 37. Qa5 Ra8 38. Nxd5 Bxd3 39. Nxf6+ Bxf6 40. Qd2
Bb1 41. Nc2 Rd8 42. Qc1 Bxc2 43. Qxc2 e3 44. fxe3 Qe7 45. Qe4 Qe5 46. Qxe5 Bxe5
47. Be4 Kg7 48. Bd3 Bc7 49. e4 Be5 50. Kg2 Ra8 51. Bc4 f6 52. Rd1 Ra7 53. Be6
1/2-1/2

[Event "ch-Lisboa"]
[Site "Lisboa"]
[Date "2017.06.15"]
[Round "5.6"]
[White "Santos, Jose Guilherme B Li"]
[Black "Fortunato, Antonio Eduardo"]
[Result "1-0"]
[WhiteElo "1956"]
[BlackElo "1681"]
[PlyCount "73"]
[EventDate "2017.05.18"]
[EventType "swiss"]
[EventRounds "7"]
[EventCountry "POR"]

1. e4 e6 2. d4 d5 3. Nd2 c5 4. exd5 exd5 5. Ngf3 Nc6 6. dxc5 Bxc5 7. Be2 Nge7
8. O-O O-O 9. Nb3 Bd6 10. c3 h6 11. Be3 b6 12. Qd2 Nf5 13. Bf4 Be7 14. Rad1 Be6
15. Bd3 g5 16. Be3 Ng7 17. Nbd4 Nxd4 18. Bxd4 Bc5 19. Bc2 f6 20. Bb3 Rc8 21.
Rfe1 Bf7 22. Bc2 Bxd4 23. Nxd4 f5 24. Bxf5 Bh5 25. Bxc8 Qxc8 26. f3 Bf7 27. Kh1
Qd7 28. Re3 Nf5 29. Nxf5 Qxf5 30. Rde1 Qf4 31. Qd4 Qf5 32. Qd3 Qd7 33. Re7 Qd6
34. R1e6 Qf4 35. Rg6+ Kh7 36. Rxb6+ Kg8 37. Rg6+ 1-0

[Event "ch-Lisboa"]
[Site "Lisboa"]
[Date "2017.06.15"]
[Round "5.7"]
[White "Galinha, Otelo"]
[Black "Santos, Micael"]
[Result "1-0"]
[WhiteElo "1625"]
[BlackElo "1940"]
[PlyCount "67"]
[EventDate "2017.05.18"]
[EventType "swiss"]
[EventRounds "7"]
[EventCountry "POR"]

1. e4 c5 2. Nf3 d6 3. d4 cxd4 4. Nxd4 Nf6 5. Nc3 a6 6. Bg5 Nbd7 7. Bc4 h6 8.
Bh4 g5 9. Bg3 Ne5 10. Bb3 Qc7 11. O-O Bg7 12. Nf5 Bxf5 13. exf5 O-O 14. Nd5
Nxd5 15. Qxd5 Nc6 16. c3 Qa5 17. Rad1 Qxd5 18. Bxd5 Rac8 19. Rfe1 Rc7 20. f4
Bf6 21. fxg5 hxg5 22. Re4 Kg7 23. h4 Rg8 24. hxg5 Bxg5 25. Bh4 Kf6 26. Rf1 Ne5
27. Bf2 Nf3+ 28. gxf3 Bf4+ 29. Kh1 Kxf5 30. Rg1 Rh8+ 31. Kg2 e6 32. Bb3 d5 33.
Rxf4+ Kxf4 34. Bg3+ 1-0

[Event "ch-Lisboa"]
[Site "Lisboa"]
[Date "2017.06.15"]
[Round "5.8"]
[White "Rocha, Manuel Fernando"]
[Black "Santos, Ruben Jose Melo"]
[Result "1-0"]
[WhiteElo "1790"]
[BlackElo "1562"]
[PlyCount "81"]
[EventDate "2017.05.18"]
[EventType "swiss"]
[EventRounds "7"]
[EventCountry "POR"]

1. e4 e6 2. d4 d5 3. e5 c5 4. c3 Nc6 5. Nf3 Qb6 6. a3 c4 7. Nbd2 Na5 8. g3 Bd7
9. Bh3 Ne7 10. O-O Ng6 11. Ne1 h5 12. Ng2 O-O-O 13. Qe2 Be7 14. f4 Rdf8 15. f5
exf5 16. Ne3 Qc6 17. Bg2 Be6 18. Nxf5 Bxf5 19. Rxf5 h4 20. Bh3 Kb8 21. g4 Bd8
22. Rb1 Ne7 23. Rf2 Qg6 24. b4 Nb3 25. Qf1 Bb6 26. Rxb3 cxb3 27. Nxb3 f5 28.
Kh1 f4 29. Bxf4 Qc6 30. Nc5 Bxc5 31. bxc5 Ng6 32. e6+ Ka8 33. Bd6 Rxf2 34. Qxf2
b6 35. Qf5 bxc5 36. dxc5 a5 37. Bg2 Qb5 38. Bxd5+ Ka7 39. a4 Qb2 40. Qf7+ Ka6
41. Bc4+ 1-0

[Event "ch-Lisboa"]
[Site "Lisboa"]
[Date "2017.06.15"]
[Round "5.10"]
[White "Marques, Carlos Filipe Ferna"]
[Black "Campos, Carlos Alberto Vieg"]
[Result "1-0"]
[WhiteElo "1815"]
[BlackElo "1543"]
[PlyCount "57"]
[EventDate "2017.05.18"]
[EventType "swiss"]
[EventRounds "7"]
[EventCountry "POR"]

1. e4 c5 2. Bc4 Nc6 3. a4 Nf6 4. d3 g6 5. f4 d6 6. Nf3 Bg7 7. O-O O-O 8. e5
dxe5 9. fxe5 Ng4 10. e6 Bxe6 11. Bxe6 fxe6 12. c3 Qc7 13. h3 Rxf3 14. hxg4
Rxf1+ 15. Qxf1 Rf8 16. Qe2 Be5 17. Nd2 Bh2+ 18. Kh1 Bg3 19. Qxe6+ Kg7 20. Nf3
Rxf3 21. gxf3 Ne5 22. Bg5 Nc6 23. Kg2 Bd6 24. Rh1 Bf4 25. Rxh7+ Kxh7 26. Qf7+
Kh8 27. Bxf4 Ne5 28. Qe6 Nxd3 29. Bxc7 1-0

[Event "ch-Lisboa"]
[Site "Lisboa"]
[Date "2017.06.15"]
[Round "5.11"]
[White "Aguiar, Carlos Alberto Bran"]
[Black "Monteiro, Carlos Alberto C"]
[Result "1-0"]
[WhiteElo "1791"]
[BlackElo "1351"]
[PlyCount "59"]
[EventDate "2017.05.18"]
[EventType "swiss"]
[EventRounds "7"]
[EventCountry "POR"]

1. e4 c5 2. Nf3 Nc6 3. d4 e6 4. d5 exd5 5. exd5 Nb8 6. c4 g6 7. Nc3 Bg7 8. Bf4
Qe7+ 9. Be2 d6 10. Nb5 Be5 11. Bxe5 dxe5 12. d6 Qf6 13. Nc7+ Kf8 14. Nxa8 e4
15. Ng1 Qxb2 16. Nc7 Qd4 17. Rb1 Nc6 18. Nb5 Qxd1+ 19. Rxd1 Bd7 20. Nh3 Bxh3
21. gxh3 Kg7 22. Nxa7 Nd4 23. Nb5 Nc6 24. f3 f5 25. fxe4 fxe4 26. O-O Nf6 27.
Bg4 Ne5 28. Be2 h5 29. Nc7 Rh6 30. Rxf6 1-0

[Event "ch-Lisboa"]
[Site "Lisboa"]
[Date "2017.06.15"]
[Round "5.12"]
[White "Mouquinho, Jose Francisco B"]
[Black "Marques, Rui Filipe Pereira"]
[Result "1/2-1/2"]
[WhiteElo "1473"]
[BlackElo "1955"]
[PlyCount "53"]
[EventDate "2017.05.18"]
[EventType "swiss"]
[EventRounds "7"]
[EventCountry "POR"]

1. e4 c5 2. Nf3 Nc6 3. Bc4 g6 4. c3 Bg7 5. Na3 a6 6. Nc2 e6 7. d4 cxd4 8. Ncxd4
Nxd4 9. Nxd4 Ne7 10. O-O O-O 11. Be3 b5 12. Bb3 Bb7 13. Bc2 d5 14. f3 Rc8 15.
a3 Qc7 16. Qd2 Rfd8 17. Qf2 e5 18. Nb3 d4 19. Bd2 a5 20. Nc1 b4 21. axb4 axb4
22. Bd3 dxc3 23. bxc3 bxc3 24. Be3 Qc6 25. Qc2 Ra8 26. Ne2 Rdc8 27. Rfc1
1/2-1/2

[Event "ch-Lisboa"]
[Site "Lisboa"]
[Date "2017.06.22"]
[Round "6.1"]
[White "Carneiro, Carlos Alberto Carv"]
[Black "Elias, Ruben Joel Monteiro"]
[Result "1-0"]
[WhiteElo "2166"]
[BlackElo "1812"]
[PlyCount "69"]
[EventDate "2017.05.18"]
[EventType "swiss"]
[EventRounds "7"]
[EventCountry "POR"]

1. d4 d5 2. c4 e6 3. Nc3 Nf6 4. Nf3 Be7 5. Bf4 O-O 6. cxd5 exd5 7. e3 Bg4 8.
Be2 c6 9. O-O Nh5 10. Be5 Nd7 11. h3 Bxf3 12. Bxf3 Nhf6 13. Bh2 Re8 14. Rb1 Nf8
15. b4 a6 16. a4 Ne6 17. b5 Qa5 18. bxc6 bxc6 19. Qb3 Ng5 20. Rfc1 Nge4 21.
Nxe4 dxe4 22. Be2 c5 23. Bc4 Rf8 24. Qb7 Rae8 25. d5 Qxa4 26. d6 Bd8 27. Bxa6
Re6 28. Bc4 Qd7 29. Qxd7 Nxd7 30. Rb7 Nf6 31. Bxe6 fxe6 32. Rxc5 Nd5 33. Rc8
Bg5 34. Rbb8 Rxc8 35. Rxc8+ 1-0

[Event "ch-Lisboa"]
[Site "Lisboa"]
[Date "2017.06.22"]
[Round "6.2"]
[White "Pereira, Fernando"]
[Black "Eggert, Alberto"]
[Result "0-1"]
[WhiteElo "2067"]
[BlackElo "2110"]
[PlyCount "138"]
[EventDate "2017.05.18"]
[EventType "swiss"]
[EventRounds "7"]
[EventCountry "POR"]

1. d4 d5 2. c4 c6 3. Nf3 Nf6 4. Nc3 g6 5. e3 Bg7 6. Bd3 Bg4 7. h3 Bxf3 8. Qxf3
O-O 9. O-O Re8 10. Rd1 a6 11. a4 dxc4 12. Bxc4 Nbd7 13. e4 e5 14. d5 Qc7 15.
Bg5 h6 16. Bxf6 Nxf6 17. dxc6 Qxc6 18. Bb3 Rad8 19. Rac1 Rxd1+ 20. Rxd1 Re7 21.
Qd3 Rd7 22. Bd5 Qb6 23. Rd2 Nh5 24. Qc4 Bf6 25. a5 Qc7 26. Qb4 Bd8 27. Qa4 Nf6
28. Qd1 Kg7 29. Bb3 Rxd2 30. Qxd2 Qxa5 31. Kh2 Bb6 32. Qc2 Qb4 33. Nd5 Nxd5 34.
Bxd5 Qe7 35. Kg1 Bd4 36. b3 b5 37. Qc6 Qa7 38. Qc2 a5 39. Kf1 a4 40. bxa4 bxa4
41. g3 Qa5 42. f4 exf4 43. gxf4 Qa6+ 44. Kg2 a3 45. Qc4 Qf6 46. Qb4 Bb2 47. e5
Qf5 48. Qc4 g5 49. e6 fxe6 50. Bxe6 Qxf4 51. Qd5 Qc7 52. Qb3 Qe7 53. Qd5 Bf6
54. Qc4 Qb7+ 55. Bd5 Qb2+ 56. Kf3 Qc3+ 57. Qxc3 Bxc3 58. Bc4 h5 59. Ke2 Kf6 60.
Kd3 Bb2 61. Kc2 g4 62. hxg4 hxg4 63. Kd2 Kf5 64. Ke3 Bc1+ 65. Kf2 Bf4 66. Bd3+
Ke5 67. Bb1 Kd4 68. Ba2 Kc3 69. Be6 Kb2 0-1

[Event "ch-Lisboa"]
[Site "Lisboa"]
[Date "2017.06.22"]
[Round "6.3"]
[White "Goncalves, Carlos Manuel Marq"]
[Black "Santos, Jose Guilherme B Li"]
[Result "0-1"]
[WhiteElo "1690"]
[BlackElo "1956"]
[PlyCount "76"]
[EventDate "2017.05.18"]
[EventType "swiss"]
[EventRounds "7"]
[EventCountry "POR"]

1. f4 c5 2. Nf3 Nc6 3. e3 g6 4. Be2 Bg7 5. O-O d5 6. Qe1 Bg4 7. d3 Bxf3 8. Rxf3
e6 9. c3 Nge7 10. e4 Rb8 11. a4 a6 12. Be3 d4 13. Bd2 Qb6 14. Qc1 c4 15. Kh1
cxd3 16. Bxd3 O-O 17. Rh3 Rbc8 18. c4 Nb4 19. a5 Nxd3 20. Rxd3 Qc5 21. b3 Nc6
22. Qe1 e5 23. f5 Rfe8 24. Na3 gxf5 25. b4 Qd6 26. b5 Ne7 27. Bb4 Qg6 28. Bxe7
Rxe7 29. Qh4 Qf6 30. Qxf6 Bxf6 31. exf5 e4 32. Rg3+ Kh8 33. Rd1 d3 34. Kg1 Bd4+
35. Kf1 e3 36. Rxd3 e2+ 37. Ke1 Bf2+ 38. Kxf2 e1=Q+ 0-1

[Event "ch-Lisboa"]
[Site "Lisboa"]
[Date "2017.06.22"]
[Round "6.4"]
[White "Guia, Artur Solovyov Eloy"]
[Black "Lavrador, Rodolfo Manuel"]
[Result "1-0"]
[WhiteElo "1550"]
[BlackElo "1854"]
[PlyCount "107"]
[EventDate "2017.05.18"]
[EventType "swiss"]
[EventRounds "7"]
[EventCountry "POR"]

1. e4 e6 2. d4 d5 3. exd5 exd5 4. Bd3 Bd6 5. Nf3 Ne7 6. Be3 O-O 7. O-O h6 8. h3
Nd7 9. Nbd2 Nb6 10. Re1 Nf5 11. Nb3 Nxe3 12. Rxe3 c6 13. c3 Bf4 14. Re1 Bc7 15.
Nbd2 Be6 16. Ne5 Nd7 17. Ndf3 Nxe5 18. Nxe5 Qd6 19. Qc2 Rfe8 20. Bf5 f6 21.
Bxe6+ Rxe6 22. Nf3 Rae8 23. Qd2 Kf7 24. Rxe6 Rxe6 25. Re1 g5 26. Rxe6 Qxe6 27.
Qe2 Qf5 28. Qd1 h5 29. Ne1 g4 30. hxg4 hxg4 31. Qd3 Qh5 32. g3 f5 33. Ng2 Kf6
34. Qe3 Qg5 35. Nf4 Bxf4 36. Qxf4 Qxf4 37. gxf4 b6 38. b4 Ke6 39. Kg2 Kd6 40.
a4 a5 41. bxa5 bxa5 42. Kg3 c5 43. Kh4 cxd4 44. cxd4 Ke7 45. Kg5 Ke6 46. Kg6
Ke7 47. Kxf5 Kf7 48. Kxg4 Kg6 49. f5+ Kf6 50. f4 Kf7 51. Kg5 Kg7 52. f6+ Kf7
53. Kf5 Kf8 54. Ke6 1-0

[Event "ch-Lisboa"]
[Site "Lisboa"]
[Date "2017.06.22"]
[Round "6.5"]
[White "Pinto, Antonio Manuel"]
[Black "Rocha, Manuel Fernando"]
[Result "0-1"]
[WhiteElo "1574"]
[BlackElo "1790"]
[PlyCount "110"]
[EventDate "2017.05.18"]
[EventType "swiss"]
[EventRounds "7"]
[EventCountry "POR"]

1. f4 e5 2. fxe5 d6 3. exd6 Bxd6 4. Nf3 Bg4 5. e3 Nc6 6. d4 Nf6 7. Be2 O-O 8.
a3 Re8 9. Nc3 a6 10. O-O Ne4 11. Nxe4 Rxe4 12. d5 Nb8 13. h3 Bh5 14. Bd3 Re8
15. g4 Bg6 16. Bxg6 fxg6 17. Nd4 Qh4 18. Qf3 Rf8 19. Qg2 Rxf1+ 20. Kxf1 Nd7 21.
Ne6 Nc5 22. Ke2 Nxe6 23. dxe6 Re8 24. Bd2 Rxe6 25. Qd5 Qf6 26. Qxb7 h5 27. Qd5
Qf7 28. Qg2 Qd7 29. Qd5 Qf7 30. Qb3 Kh7 31. Rf1 Qe8 32. gxh5 gxh5 33. Qd3+ g6
34. Qd5 Qd7 35. c4 c6 36. Qf3 Re7 37. e4 Qe6 38. Kd3 Rd7 39. Kc2 Qxc4+ 40. Kb1
Be5 41. Rc1 Qb5 42. Bc3 Bxc3 43. Qxc3 Qd3+ 44. Qxd3 Rxd3 45. Rxc6 Rxh3 46. Rxa6
Re3 47. Ra7+ Kh6 48. Re7 h4 49. Re8 Kg5 50. a4 h3 51. Rh8 Kg4 52. a5 Rxe4 53.
a6 Ra4 54. Ra8 h2 55. Rh8 Kg3 0-1

[Event "ch-Lisboa"]
[Site "Lisboa"]
[Date "2017.06.22"]
[Round "6.6"]
[White "Marques, Carlos Filipe Ferna"]
[Black "Galinha, Otelo"]
[Result "1-0"]
[WhiteElo "1815"]
[BlackElo "1625"]
[PlyCount "105"]
[EventDate "2017.05.18"]
[EventType "swiss"]
[EventRounds "7"]
[EventCountry "POR"]

1. e4 e5 2. Nf3 Nc6 3. Bc4 Nf6 4. d3 Be7 5. O-O O-O 6. h3 d6 7. c3 Na5 8. Bb3
c5 9. Bg5 b5 10. Bc2 Nc6 11. Nbd2 Be6 12. Nh2 d5 13. f4 exf4 14. Rxf4 Ne5 15.
Rf1 h6 16. Bh4 d4 17. Nhf3 dxc3 18. bxc3 g5 19. Nxe5 gxh4 20. Nc6 Qd7 21. Nxe7+
Qxe7 22. Nf3 Nh7 23. Qe1 Kh8 24. Qxh4 Qxh4 25. Nxh4 Rg8 26. Nf5 Rg6 27. Kh2
Bxf5 28. Rxf5 Rag8 29. g4 Ng5 30. Raf1 h5 31. h4 Ne6 32. g5 R8g7 33. Rxf7 Nd8
34. Rf8+ Rg8 35. Bb3 Ne6 36. Rxg8+ Kxg8 37. Rf6 Rxf6 38. gxf6 Kf7 39. Kg1 Kxf6
40. Bxe6 Kxe6 41. Kf2 a5 42. Ke3 b4 43. cxb4 axb4 44. d4 c4 45. Kd2 Kd6 46. Kc2
Kc6 47. Kb2 Kb5 48. e5 Kc6 49. a3 bxa3+ 50. Kxa3 Kd5 51. Kb2 Ke6 52. Kc3 Kf5
53. Kxc4 1-0

[Event "ch-Lisboa"]
[Site "Lisboa"]
[Date "2017.06.22"]
[Round "6.9"]
[White "Santos, Micael"]
[Black "Azevedo, Manuel Roque"]
[Result "1-0"]
[WhiteElo "1940"]
[BlackElo "1622"]
[PlyCount "77"]
[EventDate "2017.05.18"]
[EventType "swiss"]
[EventRounds "7"]
[EventCountry "POR"]

1. e4 e6 2. d4 d5 3. Nc3 dxe4 4. Nxe4 Nd7 5. Nf3 Ngf6 6. Ng3 Be7 7. Bd3 O-O 8.
O-O b6 9. c4 Bb7 10. Ne5 c5 11. Be3 cxd4 12. Bxd4 Qc7 13. Nxd7 Nxd7 14. Qh5 f5
15. Nxf5 exf5 16. Bxf5 Rxf5 17. Qxf5 Rf8 18. Qe6+ Rf7 19. Rad1 Qc6 20. Qxc6
Bxc6 21. a3 Nf6 22. b4 Bf8 23. Rfe1 Bb7 24. f3 Rc7 25. Be5 Rc8 26. Bxf6 gxf6
27. Rd7 Rb8 28. Red1 a5 29. bxa5 bxa5 30. Rc7 Ba8 31. c5 Re8 32. Rdd7 h6 33.
Kf2 Rb8 34. Kg3 Re8 35. Kf4 Rb8 36. Kf5 Rb5 37. Kg6 Rxc5 38. Rxc5 Bxc5 39. Rd8+
1-0

[Event "ch-Lisboa"]
[Site "Lisboa"]
[Date "2017.06.22"]
[Round "6.11"]
[White "Fortunato, Antonio Eduardo"]
[Black "Santos, Ruben Jose Melo"]
[Result "1-0"]
[WhiteElo "1681"]
[BlackElo "1562"]
[PlyCount "67"]
[EventDate "2017.05.18"]
[EventType "swiss"]
[EventRounds "7"]
[EventCountry "POR"]

1. d4 Nf6 2. c4 e6 3. Nc3 c5 4. d5 exd5 5. cxd5 d6 6. e4 g6 7. Nf3 Bg4 8. Be2
Bg7 9. Qb3 Qe7 10. h3 Bxf3 11. Bxf3 Nxe4 12. O-O Nxc3 13. bxc3 O-O 14. Rb1 Nd7
15. Qxb7 Rab8 16. Bg5 f6 17. Qxa7 Ra8 18. Qc7 Rfc8 19. Qb7 fxg5 20. Bg4 Rd8 21.
Rbe1 Be5 22. f4 gxf4 23. Rxf4 Qg7 24. Be6+ Kh8 25. Rf7 Qh6 26. Bxd7 Qd2 27.
Rxe5 dxe5 28. Bc6 Qe1+ 29. Kh2 Qh4 30. Qc7 Qh5 31. Bxa8 Rxa8 32. g4 Qh6 33.
Qxe5+ Kg8 34. g5 1-0

[Event "ch-Lisboa"]
[Site "Lisboa"]
[Date "2017.06.22"]
[Round "6.12"]
[White "Marques, Rui Filipe Pereira"]
[Black "Lixa, Alberto"]
[Result "1-0"]
[WhiteElo "1955"]
[BlackElo "1275"]
[PlyCount "101"]
[EventDate "2017.05.18"]
[EventType "swiss"]
[EventRounds "7"]
[EventCountry "POR"]

1. e4 c5 2. Nf3 Nc6 3. Bb5 e6 4. Bxc6 bxc6 5. b3 Ba6 6. d3 d6 7. Bb2 e5 8. O-O
Nf6 9. Re1 Be7 10. c3 Nd7 11. d4 cxd4 12. cxd4 Bf6 13. Nc3 O-O 14. Rc1 Bb7 15.
Na4 Re8 16. Qd2 Qc7 17. b4 a6 18. Rcd1 Rad8 19. Qc2 Rc8 20. Rc1 h6 21. Qd3 exd4
22. Nxd4 Ne5 23. Qd2 Qd8 24. Nf5 Re6 25. Red1 Ng6 26. Nxd6 Bg5 27. Nxb7 Qxd2
28. Rxd2 Bxd2 29. Rd1 Rxe4 30. Nd6 Re1+ 31. Rxe1 Bxe1 32. Nxc8 Bxb4 33. Kf1 Nf4
34. Na7 c5 35. Nc6 Nd3 36. Nxb4 Nxb2 37. Nxb2 cxb4 38. Ke2 Kf8 39. Kd3 Ke7 40.
Kc4 a5 41. Kb5 Kd6 42. Nd3 g5 43. Nxb4 axb4 44. Kxb4 Kc6 45. Kc4 f6 46. g4 Kb6
47. Kd5 Kb5 48. Ke6 Kb4 49. Kxf6 Ka3 50. Kg6 Kxa2 51. Kxh6 1-0

[Event "ch-Lisboa"]
[Site "Lisboa"]
[Date "2017.06.29"]
[Round "7.1"]
[White "Rocha, Manuel Fernando"]
[Black "Carneiro, Carlos Alberto Carv"]
[Result "0-1"]
[WhiteElo "1790"]
[BlackElo "2166"]
[PlyCount "106"]
[EventDate "2017.05.18"]
[EventType "swiss"]
[EventRounds "7"]
[EventCountry "POR"]

1. e4 c5 2. Nf3 Nc6 3. d4 cxd4 4. Nxd4 g6 5. Nc3 Bg7 6. Be3 Nf6 7. Bc4 O-O 8.
Bb3 a5 9. a4 Ng4 10. Qxg4 Nxd4 11. Qh4 Nxb3 12. cxb3 d6 13. O-O Be6 14. Ra3 Rc8
15. Bh6 Rc5 16. Bxg7 Kxg7 17. f4 Qb6 18. Qf2 Qb4 19. f5 gxf5 20. Qh4 Rxc3 21.
Qg5+ Kh8 22. bxc3 Qxa3 23. Qxe7 Rc8 24. Qf6+ Kg8 25. exf5 Qc5+ 26. Kh1 Qxc3 27.
Qxc3 Rxc3 28. fxe6 fxe6 29. Rb1 Kf7 30. Kg1 Kf6 31. b4 axb4 32. Rxb4 Rc7 33.
Kf2 Ke5 34. Ke3 d5 35. Kd3 Re7 36. Rb6 Kf5 37. Rd6 Rc7 38. g4+ Ke5 39. Rb6 h6
40. h3 Rc4 41. Rxb7 Rxa4 42. Rb3 Kf4 43. Ke2 Ra2+ 44. Kf1 d4 45. Rb6 e5 46.
Rf6+ Ke3 47. h4 d3 48. Rd6 d2 49. g5 hxg5 50. hxg5 Ra1+ 51. Kg2 d1=Q 52. Rxd1
Rxd1 53. g6 Rd6 0-1

[Event "ch-Lisboa"]
[Site "Lisboa"]
[Date "2017.06.29"]
[Round "7.2"]
[White "Eggert, Alberto"]
[Black "Santos, Jose Guilherme B Li"]
[Result "1-0"]
[WhiteElo "2110"]
[BlackElo "1956"]
[PlyCount "89"]
[EventDate "2017.05.18"]
[EventType "swiss"]
[EventRounds "7"]
[EventCountry "POR"]

1. d4 Nf6 2. Nf3 e6 3. Bg5 Be7 4. Nbd2 c5 5. e3 b6 6. Bd3 Ba6 7. c4 O-O 8. dxc5
bxc5 9. Qc2 h6 10. Bh4 Nc6 11. a3 d5 12. O-O Rc8 13. Rfd1 Qb6 14. Rab1 Bb7 15.
Qc3 d4 16. exd4 Nxd4 17. Nxd4 cxd4 18. Qc2 Qc7 19. Nf1 e5 20. f3 Nh5 21. Bg3
Ba6 22. b3 Bd6 23. Rdc1 Qe7 24. b4 Qg5 25. Qa4 Bb7 26. Qd7 Nxg3 27. Nxg3 Qe7
28. Qg4 Kh8 29. c5 Bb8 30. Bf5 Rc6 31. Be4 Bc8 32. Bf5 g6 33. Bxc8 Rfxc8 34.
Re1 f5 35. Qxd4 exd4 36. Rxe7 Bf4 37. Rd1 Be3+ 38. Kf1 Ra6 39. Rd3 Rb8 40. Rb3
Rd8 41. b5 Ra4 42. c6 Rc4 43. Rb1 f4 44. Ne4 d3 45. Nf6 1-0

[Event "ch-Lisboa"]
[Site "Lisboa"]
[Date "2017.06.29"]
[Round "7.3"]
[White "Elias, Ruben Joel Monteiro"]
[Black "Guia, Artur Solovyov Eloy"]
[Result "1/2-1/2"]
[WhiteElo "1812"]
[BlackElo "1550"]
[PlyCount "102"]
[EventDate "2017.05.18"]
[EventType "swiss"]
[EventRounds "7"]
[EventCountry "POR"]

1. e4 e5 2. Nf3 Nc6 3. Bb5 a6 4. Ba4 Nf6 5. O-O Be7 6. Re1 b5 7. Bb3 d6 8. c3
O-O 9. h3 Na5 10. Bc2 c5 11. d4 Qc7 12. Nbd2 Re8 13. Nf1 h6 14. a4 Bd7 15. axb5
axb5 16. b3 Bf8 17. d5 g6 18. Be3 Bg7 19. Qd2 Kh7 20. Ng3 Nb7 21. c4 b4 22. Bd3
Ra5 23. Qb2 Rea8 24. Nd2 Qb6 25. Ne2 Qa6 26. Rxa5 Qxa5 27. Qc1 Qa3 28. Qc2 Qa2
29. Rc1 Qxc2 30. Rxc2 Ra3 31. Nc1 Ra8 32. Ra2 Rxa2 33. Nxa2 Ng8 34. g4 g5 35.
Nc1 Ne7 36. Ne2 Ng6 37. f3 Nd8 38. Nb1 f6 39. Bf2 Nf4 40. Nxf4 gxf4 41. Kg2 Nf7
42. h4 Bf8 43. h5 Be7 44. Be1 Ng5 45. Bd2 Bd8 46. Be1 Be7 47. Bh4 Bd8 48. Nd2
Be7 49. Bxg5 fxg5 50. Kf2 Kg7 51. Ke2 Kf7 1/2-1/2

[Event "ch-Lisboa"]
[Site "Lisboa"]
[Date "2017.06.29"]
[Round "7.4"]
[White "Alves, Luis Miguel"]
[Black "Marques, Carlos Filipe Ferna"]
[Result "0-1"]
[WhiteElo "1687"]
[BlackElo "1815"]
[PlyCount "118"]
[EventDate "2017.05.18"]
[EventType "swiss"]
[EventRounds "7"]
[EventCountry "POR"]

1. c4 e5 2. Nc3 a6 3. g3 Bc5 4. Bg2 f5 5. e3 Nf6 6. Nge2 O-O 7. d4 exd4 8. exd4
Ba7 9. O-O c6 10. d5 Qe7 11. d6 Qe6 12. Qd3 Bc5 13. Rd1 Ng4 14. Nf4 Nxf2 15.
Nxe6 Nxd3+ 16. Nxc5 Nxc5 17. b4 Ne6 18. Na4 b5 19. Nb6 Ra7 20. c5 a5 21. Bd2
axb4 22. Bxb4 Na6 23. Be1 Naxc5 24. Bh3 Ba6 25. a4 Rb7 26. a5 f4 27. Bb4 fxg3
28. hxg3 h5 29. Ra3 Ng5 30. Bg2 Nce6 31. Rc3 Nf7 32. Re1 Neg5 33. Re7 Rd8 34.
Rce3 Nh7 35. Bh3 Nf6 36. Bg2 Kf8 37. Bf3 Ng5 38. Bg2 Re8 39. Rxe8+ Nxe8 40. Re5
Nf7 41. Rxh5 Nexd6 42. Bh3 Ke8 43. Rh7 Ne4 44. Rxg7 c5 45. Be1 b4 46. Bf5 Ned6
47. Bg6 Kf8 48. Rh7 Ne5 49. Bh5 Bd3 50. Rh8+ Kg7 51. Ra8 Nb5 52. Re8 d6 53. Bd1
Ra7 54. Ra8 Rxa8 55. Nxa8 Nc3 56. Bh5 Ne2+ 57. Kf2 b3 58. Bxe2 b2 59. Bc3 b1=Q
0-1

[Event "ch-Lisboa"]
[Site "Lisboa"]
[Date "2017.06.29"]
[Round "7.5"]
[White "Pires, Emanuel Joao Robart"]
[Black "Goncalves, Carlos Manuel Marq"]
[Result "1-0"]
[WhiteElo "2070"]
[BlackElo "1690"]
[PlyCount "67"]
[EventDate "2017.05.18"]
[EventType "swiss"]
[EventRounds "7"]
[EventCountry "POR"]

1. f4 Nf6 2. Nf3 d6 3. e3 Bg4 4. b3 g6 5. Bb2 Bg7 6. Be2 c6 7. O-O O-O 8. c4
Nbd7 9. d4 Ne4 10. Nbd2 Ndf6 11. Qc2 Bf5 12. Nh4 Ng3 13. Nxf5 Nxf1 14. Rxf1
gxf5 15. Qxf5 e6 16. Qc2 d5 17. g4 h6 18. Kh1 b5 19. g5 hxg5 20. fxg5 Ne8 21.
Rg1 f6 22. g6 f5 23. cxb5 cxb5 24. Bxb5 Nd6 25. Bd3 Ne4 26. Nf3 Rc8 27. Qg2 Rc7
28. Ba3 Rf6 29. Bxe4 fxe4 30. Ne5 Qc8 31. Qh3 Bf8 32. Nf7 Rxg6 33. Qh8+ Kxf7
34. Rf1+ 1-0